[Event "Challenge"]
[Site "http://www.queenalice.com/game.php?id=255075"]
[Date "2007.8.13"]
[Round "-"]
[White "lejunges"]
[Black "Tenna"]
[Result "0-1"]
[WhiteElo "1100"]
[BlackElo "1725"]

1. e4 c5 2. Nf3 e6 3. Be2 Nc6 4. O-O Nf6 5. d3 Be7 6. Nc3 O-O 7. b3 d5 8. a4 Qc7
9. Ba3 Qa5 10. b4 cxb4 11. Bxb4 Bxb4 12. Nb5 dxe4 13. dxe4 Nxe4 14. Nbd4 Nxd4
15. Qxd4 Nf6 16. Rfb1 Bc3 17. Qc4 Bxa1 18. Rxa1 Bd7 19. c3 Rac8 20. Qh4 Rxc3 21.
Rd1 Bxa4 22. Ng5 Bxd1 23. f4 Bxe2 24. Qf2 Qa1+ 25. Qf1 Qxf1# 0-1

[Event "Challenge"]
[Site "http://www.queenalice.com/game.php?id=257223"]
[Date "2007.8.18"]
[Round "-"]
[White "Mike36bh"]
[Black "Tenna"]
[Result "0-1"]
[WhiteElo "1713"]
[BlackElo "1733"]

1. d4 Nf6 2. Bf4 g6 3. Nc3 Bg7 4. e4 d6 5. d5 O-O 6. h3 c6 7. g4 Qa5 8. Bd2 Nbd7
9. f4 b5 10. Nxb5 Qb6 11. dxc6 Qxc6 12. Bd3 Nxe4 13. Qf3 Bb7 14. Nd4 Bxd4 15. c3
Bg7 16. Bxe4 Qxe4+ 17. Qxe4 Bxe4 18. Rh2 Rab8 19. b4 Nb6 20. Re2 d5 21. h4 Nc4
22. h5 Rfc8 23. hxg6 hxg6 24. f5 gxf5 25. gxf5 Nxd2 26. Kxd2 Bxc3+ 27. Ke3 Bxa1
28. a3 Rc3+ 29. Kf4 Rxa3 30. Rh2 Rxb4 31. Rh5 Bf3+ 0-1

[Event "Challenge - A"]
[Site "http://www.queenalice.com/game.php?id=258361"]
[Date "2007.8.20"]
[Round "-"]
[White "rob0330"]
[Black "Tenna"]
[Result "1-0"]
[WhiteElo "1714"]
[BlackElo "1748"]

1. b3 d5 2. Bb2 c5 3. g3 Nc6 4. Bg2 e5 5. e4 Nf6 6. d3 Be7 7. exd5 Nxd5 8. Nf3
f6 9. Nbd2 Be6 10. Qe2 Qd7 11. h3 Nd4 12. Nxd4 cxd4 13. a3 O-O 14. O-O-O Rac8
15. Bxd5 Bxd5 16. Rhg1 Qxh3 17. g4 Bd6 18. Ne4 Bxe4 19. Qxe4 Qh6+ 20. Kb1 Rf7
21. Rh1 Qg5 22. Qxh7+ 1-0

[Event "Challenge - B"]
[Site "http://www.queenalice.com/game.php?id=258362"]
[Date "2007.8.20"]
[Round "-"]
[White "Tenna"]
[Black "rob0330"]
[Result "1-0"]
[WhiteElo "1731"]
[BlackElo "1743"]

1. e4 e5 2. Nf3 Nc6 3. Bc4 f5 4. d4 fxe4 5. Ng5 d5 6. Bb5 exd4 7. Qxd4 Bd7 8.
Qxd5 Qe7 9. Qxe4 Qxe4+ 10. Nxe4 Nd4 11. Bxd7+ Kxd7 12. Kd1 Be7 13. Be3 Nf5 14.
Nc5+ Kc6 15. Nd3 Nxe3+ 16. fxe3 Rd8 17. Ke2 Nf6 18. Nc3 Rhe8 19. Rad1 b6 20.
Ne5+ Kb7 21. Rxd8 Bxd8 22. Nf7 Be7 23. Rd1 Bb4 24. Nd5 Bc5 25. Nxf6 Rxe3+ 26.
Kd2 gxf6 27. b4 Bd4 28. Rc1 Re7 29. Nd8+ Kc8 30. Nc6 Be3+ 31. Kd3 Bxc1 32. Nxe7+
Kd7 33. Nd5 Bg5 34. g3 f5 35. Kd4 c6 36. h4 Be7 37. Nxe7 Kxe7 38. Ke5 Kf7 39.
Kxf5 h6 40. g4 1-0

[Event "Challenge"]
[Site "http://www.queenalice.com/game.php?id=262299"]
[Date "2007.8.27"]
[Round "-"]
[White "DanielAlvesGarciaSantosSilva"]
[Black "Tenna"]
[Result "1-0"]
[WhiteElo "1542"]
[BlackElo "1761"]

1. e4 c5 2. Nc3 Nc6 3. Nf3 e6 4. Bb5 a6 5. Bxc6 bxc6 6. d3 d5 7. Bg5 Qb6 8. b3
Be7 9. Bf4 Nf6 10. h3 O-O 11. Be5 a5 12. Na4 Qd8 13. Bxf6 gxf6 14. g4 Qc7 15.
Qd2 Ba6 16. g5 fxg5 17. Nxg5 Qe5 18. c3 Bxg5 19. Rg1 f6 20. h4 Qh2 21. O-O-O
Qxh4 22. f4 h6 23. fxg5 fxg5 24. Rh1 Qf4 25. Rxh6 1-0

[Event "AUTO-ADV-718"]
[Site "http://www.queenalice.com/game.php?id=306671"]
[Date "2007.11.19"]
[Round "1"]
[White "NatanEstivallet"]
[Black "Tenna"]
[Result "1-0"]
[WhiteElo "1883"]
[BlackElo "1733"]

1. e4 c5 2. Nf3 e6 3. d4 cxd4 4. Nxd4 Nf6 5. Bd3 d5 6. e5 Nfd7 7. Bf4 Nc6 8.
Nxc6 bxc6 9. Nd2 Qb6 10. Rb1 Bc5 11. O-O Ba6 12. Nf3 O-O-O 13. Bxa6+ Qxa6 14. b4
Qc4 15. Bg5 f6 16. exf6 gxf6 17. bxc5 fxg5 18. Nxg5 Rde8 19. Nf7 Qxc5 20. Nxh8
Rxh8 21. Qe2 e5 22. Qa6+ Kd8 23. Rb7 Ke7 24. Rxa7 Kd6 25. Qb7 Rd8 26. Qc7+ 1-0

[Event "AUTO-ADV-718"]
[Site "http://www.queenalice.com/game.php?id=306672"]
[Date "2007.11.19"]
[Round "1"]
[White "Tenna"]
[Black "NatanEstivallet"]
[Result "1/2-1/2"]
[WhiteElo "1727"]
[BlackElo "1889"]

1. e4 c5 2. c4 Nc6 3. g3 d6 4. Bg2 Nf6 5. Ne2 Be6 6. d3 g6 7. O-O Bg7 8. Nbc3
O-O 9. f4 Bg4 10. Be3 Nd7 11. Qd2 e6 12. h3 Bxe2 13. Nxe2 Rb8 14. f5 b5 15. Bh6
bxc4 16. Bxg7 Kxg7 17. Nf4 e5 18. Nd5 cxd3 19. fxg6 hxg6 20. Qxd3 Nd4 21. b3 Nb6
22. Nf6 Nd7 23. Nd5 Nb6 24. Nf6 Nd7 25. Nd5 1/2-1/2

[Event "AUTO-ADV-718"]
[Site "http://www.queenalice.com/game.php?id=306683"]
[Date "2007.11.19"]
[Round "1"]
[White "Ikki_de_Fenix"]
[Black "Tenna"]
[Result "1-0"]
[WhiteElo "1987"]
[BlackElo "1726"]

1. d4 Nf6 2. c4 g6 3. Nc3 Bg7 4. e4 d6 5. h3 O-O 6. Nf3 Nbd7 7. Be2 e5 8. dxe5
dxe5 9. O-O c6 10. Qc2 Ne8 11. Rd1 Qc7 12. Be3 Nd6 13. Rd2 f5 14. Rad1 Ne8 15.
exf5 gxf5 16. Bg5 Ndf6 17. Rd8 Rb8 18. c5 Bd7 19. Rxb8 Qxb8 20. Bc4+ 1-0

[Event "AUTO-ADV-718"]
[Site "http://www.queenalice.com/game.php?id=306684"]
[Date "2007.11.19"]
[Round "1"]
[White "Tenna"]
[Black "Ikki_de_Fenix"]
[Result "0-1"]
[WhiteElo "1732"]
[BlackElo "1981"]

1. e4 c5 2. Nf3 Nc6 3. d4 cxd4 4. Nxd4 Nf6 5. Nxc6 bxc6 6. e5 Nd5 7. Bc4 Nb6 8.
Bb3 g6 9. O-O Bg7 10. Bf4 O-O 11. Nc3 d5 12. Na4 Bf5 13. Nc5 Nd7 14. Nxd7 Qxd7
15. c4 d4 16. c5 Rfd8 17. Re1 Be6 18. Bxe6 Qxe6 19. a3 Rd5 0-1

[Event "AUTO-ADV-718"]
[Site "http://www.queenalice.com/game.php?id=306689"]
[Date "2007.11.19"]
[Round "1"]
[White "VICSAR"]
[Black "Tenna"]
[Result "1-0"]
[WhiteElo "1706"]
[BlackElo "1713"]

1. e4 Nc6 2. Nf3 e5 3. Bc4 Bc5 4. Nc3 d6 5. O-O f5 6. d3 Nf6 7. Bg5 Na5 8. Bxf6
Qxf6 9. Qd2 Nxc4 10. Qc1 Nb6 11. a3 a5 12. b4 axb4 13. axb4 Rxa1 14. Qxa1 Bxb4
15. Nb5 Qe7 16. exf5 Bxf5 17. d4 e4 18. c3 O-O 19. Re1 Qd7 20. Nxc7 Qxc7 21.
cxb4 exf3 22. gxf3 Bh3 23. Qa2+ 1-0

[Event "AUTO-ADV-718"]
[Site "http://www.queenalice.com/game.php?id=306690"]
[Date "2007.11.19"]
[Round "1"]
[White "Tenna"]
[Black "VICSAR"]
[Result "0-1"]
[WhiteElo "1697"]
[BlackElo "1722"]

1. e4 c5 2. Nf3 Nc6 3. d4 cxd4 4. Nxd4 Nxd4 5. Qxd4 f6 6. Bc4 e6 7. O-O Ne7 8.
Nc3 Nc6 9. Qd1 Be7 10. Bf4 e5 11. Be3 d6 12. Qh5+ g6 13. Qh6 Bf8 14. Qh4 Be7 15.
f4 exf4 16. Bxf4 Bd7 17. Rad1 f5 18. Qf2 Ne5 19. Bb3 b6 20. exf5 Bxf5 21. Bxe5
d5 22. Bxh8 Bc5 23. Bd4 Bxd4 0-1

[Event "Challenge"]
[Site "http://www.queenalice.com/game.php?id=307879"]
[Date "2007.11.21"]
[Round "-"]
[White "Tenna"]
[Black "kingbrian"]
[Result "1-0"]
[WhiteElo "1725"]
[BlackElo "1499"]

1. e4 e5 2. Nf3 Nc6 3. Bc4 d6 4. d4 Bg4 5. Bxf7+ Kxf7 6. Ng5+ Ke8 7. Qxg4 Nf6 8.
Qe6+ Qe7 9. Qxe7+ Nxe7 10. dxe5 dxe5 11. Nc3 h6 12. Nf3 Nc6 13. Be3 Bb4 14. Bd2
Kd7 15. O-O-O Ke6 16. Nb5 1-0

[Event "Challenge"]
[Site "http://www.queenalice.com/game.php?id=313454"]
[Date "2007.12.1"]
[Round "-"]
[White "lejunges"]
[Black "Tenna"]
[Result "0-1"]
[WhiteElo "1520"]
[BlackElo "1720"]

1. Nc3 d5 2. e4 d4 3. Nce2 e5 4. f3 c5 5. c3 Nc6 6. Qa4 Bd7 7. Ng3 a6 8. Nh3 b5
9. Qd1 c4 10. d3 cxd3 11. Qxd3 Bc5 12. cxd4 Nxd4 13. Bg5 f6 14. Be3 Bxh3 15.
gxh3 Nxf3+ 16. Ke2 Qxd3+ 17. Kf2 Qxe3+ 18. Kg2 Qf2# 0-1

[Event "CFC 2nd Annual"]
[Site "http://www.queenalice.com/game.php?id=321972"]
[Date "2007.12.17"]
[Round "3"]
[White "col"]
[Black "Tenna"]
[Result "1-0"]
[WhiteElo "2100"]
[BlackElo "1715"]

1. e4 c5 2. Nc3 d6 3. f4 Nc6 4. Nf3 g6 5. Bb5 Bd7 6. O-O Bg7 7. d3 e6 8. Qe1
Nge7 9. Be3 O-O 10. Qf2 b6 11. d4 cxd4 12. Nxd4 Qc7 13. Rad1 e5 14. Nf3 f5 15.
Bc4+ Kh8 16. Nb5 Qd8 17. Nxd6 Be8 18. Ng5 Qc7 19. Qh4 h6 20. Ne6 Qb8 21. fxe5 g5
22. Bxg5 fxe4 23. Rxf8+ Kh7 24. Nxg7 e3 25. Qxh6# 1-0

[Event "Challenge"]
[Site "http://www.queenalice.com/game.php?id=325741"]
[Date "2007.12.26"]
[Round "-"]
[White "koutouzov"]
[Black "Tenna"]
[Result "1-0"]
[WhiteElo "1792"]
[BlackElo "1728"]

1. e4 c5 2. Nf3 d6 3. Bb5+ Bd7 4. c4 Nc6 5. O-O Nf6 6. Nc3 a6 7. Ba4 g6 8. d4
cxd4 9. Nxd4 Bg7 10. Nxc6 Bxc6 11. Re1 1-0